000 00215 a2200097 4500
001 57582
100 _a
245 _aIslam man insani haqooq
260 _aLahore
_bMinhaj ul Quran
_c
090 _c35317
_d35317
942 _aNUST-CAE
_cMONOGRAPH
_c28133
999 _c292655
_d292655